Concentrate: Family law / (Record no. 9718)

MARC details
000 -LEADER
fixed length control field 00807nam a22001817a 4500
005 - DATE AND TIME OF LATEST TRANSACTION
control field 20230621123926.0
008 - FIXED-LENGTH DATA ELEMENTS--GENERAL INFORMATION
fixed length control field 230616b ||||| |||| 00| 0 eng d
020 ## - INTERNATIONAL STANDARD BOOK NUMBER
International Standard Book Number 9780198729648
050 ## - LIBRARY OF CONGRESS CALL NUMBER
Classification number KD750.H44(3e)
245 ## - TITLE STATEMENT
Title Concentrate: Family law /
Statement of responsibility, etc. Susan Heenan
250 ## - EDITION STATEMENT
Edition statement 3rd ed.
260 ## - PUBLICATION, DISTRIBUTION, ETC.
Place of publication, distribution, etc. New York:
Name of publisher, distributor, etc. Oxford University Press,
Date of publication, distribution, etc. 2015.
300 ## - PHYSICAL DESCRIPTION
Extent xiv, 186p.:
Dimensions 23 cm.
500 ## - GENERAL NOTE
General note Includes index.
505 ## - FORMATTED CONTENTS NOTE
Formatted contents note Contents: Family relationships, marriage, civil partnership, cohabitation -- Nullity -- Divorce, dissolution, and judicial separation -- Domestic violence -- Financial provision on divorce or dissolution -- The children Act-the private law -- The children Act- the public law -- Adoption -- International parent-child abduction.
700 ## - ADDED ENTRY--PERSONAL NAME
Personal name Heena, Anna.
9 (RLIN) 1675
942 ## - ADDED ENTRY ELEMENTS (KOHA)
Source of classification or shelving scheme Library of Congress Classification
Koha item type Books
Holdings
Withdrawn status Lost status Source of classification or shelving scheme Damaged status Not for loan Collection code Home library Current library Shelving location Date acquired Total Checkouts Full call number Barcode Date last seen Copy number Price effective from Koha item type
    Library of Congress Classification     Reference WISCONSIN INTERNATIONAL UNIVERSITY COLLEGE, GHANA - MAIN LIBRARY WISCONSIN INTERNATIONAL UNIVERSITY COLLEGE, GHANA - MAIN LIBRARY Law Library 16/06/2023   KD750.H44(3e) 2900/069/23 16/06/2023 1 16/06/2023 Books
    Library of Congress Classification     Reference WISCONSIN INTERNATIONAL UNIVERSITY COLLEGE, GHANA - MAIN LIBRARY WISCONSIN INTERNATIONAL UNIVERSITY COLLEGE, GHANA - MAIN LIBRARY Law Library 16/06/2023   KD750.H441(3e) 2901/070/23 16/06/2023 2 16/06/2023 Books
    Library of Congress Classification     Reference WISCONSIN INTERNATIONAL UNIVERSITY COLLEGE, GHANA - MAIN LIBRARY WISCONSIN INTERNATIONAL UNIVERSITY COLLEGE, GHANA - MAIN LIBRARY Law Library 16/06/2023   KD750.H442(3e) 2902/071/23 16/06/2023 3 16/06/2023 Books
    Library of Congress Classification     Reference WISCONSIN INTERNATIONAL UNIVERSITY COLLEGE, GHANA - MAIN LIBRARY WISCONSIN INTERNATIONAL UNIVERSITY COLLEGE, GHANA - MAIN LIBRARY Law Library 16/06/2023   KD750.H443(3e) 2943/112/23 16/06/2023 4 16/06/2023 Books
    Library of Congress Classification     Reference WISCONSIN INTERNATIONAL UNIVERSITY COLLEGE, GHANA - MAIN LIBRARY WISCONSIN INTERNATIONAL UNIVERSITY COLLEGE, GHANA - MAIN LIBRARY Law Library 16/06/2023   KD750.H444(3e) 2944/113/23 16/06/2023 5 16/06/2023 Books
    Library of Congress Classification     Reference WISCONSIN INTERNATIONAL UNIVERSITY COLLEGE, GHANA - MAIN LIBRARY WISCONSIN INTERNATIONAL UNIVERSITY COLLEGE, GHANA - MAIN LIBRARY Law Library 16/06/2023   KD750.H445(3e) 2945/114/23 16/06/2023 6 16/06/2023 Books

If you have any concerns or questions; kindly contact the library


© Powered by WIUC ICT DIRECTORATE